004620000a22001570004500003001100000005001700011008004100028040003900069041000800108082001500116100002200131245004700153260006000200300000800260650003600268LK-CoMWRAF20231002152803.0230817t ||||| |||| 00| 0 eng d aLK-CoMWRAFdLK-CoMWRAFeLK-CoMWRAF aeng a297.6bAMI aAmin, A.R.A. Noor aMuslim Leaders of Sri Lanka :bA.M.A.Azeez aColombo 09 (Sri Lanka) :bBureau of publications,c1978 a19p aMuslim--Leaders--A. M. A. Azeez